01079 a2200205 45000010006000000050017000060080041000230030015000640400040000790800022001192450046001410200022001872640043002093000019002525050457002710410008007281000021007367000021007578560095007785930520260407155847.0260407a2020 arg spa dAR-UNSa-BCEJYS aAR-UNSa-BCEJYSbspacAR-UNSa-BCEJYS a657xContabilidad10aContabilidad básicapinicio de lecturas a978-987-716-120-5 1aBuenos Aires :bOsmar D. Buyattic2020 a367 p.c22 cm. a1. El marco general de la contabilidad – 2. Fundamentos de la contabilidad patrimonial – 3. Efecto de las operaciones – 4. El proceso contable – 5. Caja y bancos – 6. Créditos – 7. Bienes de cambio (inventarios) – 8. Bienes uso (propiedades, planta y equipo) – 9. Activos intangibles – 10. Inversiones y propiedades de inversión – 11. Deudas – 12. Previsiones – 13. Patrimonio neto – 14. Culminación del proceso contable aspa1 aSimaro, Jorge D.1 aTonelli, Omar E.41uhttps://biblioeco.unsa.edu.ar/pmb/images/libros/L129056.jpgyImagen de portadaqimage/jpeg